Tilastot visalle Valtiot, joiden nimessä on D

Klikkaa tästä pelataksesi tätä visaa!

Yleistilastot

  • Tätä visaa on pelattu 335 kertaa
  • Keskiarvotulos 27 / 36

Vastaustilastot

valtio% Oikein
Dominica
93%
Dominikaaninen tasavalta
90%
Sudan
85%
Djibouti
84%
Tadžikistan
84%
Yhdysvallat
84%
Andorra
83%
Kanada
81%
Trinidad ja Tobago
81%
Fidži
80%
Indonesia
80%
Madagaskar
80%
Malediivit
80%
Etelä-Sudan
79%
Yhdistyneet arabiemiirikunnat
79%
Barbados
77%
Kambodža
76%
Saudi-Arabia
76%
Burundi
75%
Moldova
75%
Grenada
74%
Azerbaidžan
73%
Bangladesh
73%
Honduras
73%
Ecuador
71%
Yhdistynyt kuningaskunta
71%
Jordania
70%
Tšad
70%
Ruanda
69%
Pohjois-Makedonia
68%
Uganda
68%
Antigua ja Barbuda
67%
Saint Vincent ja Grenadiinit
66%
El Salvador
65%
Kongon demokraattinen tasavalta
64%
Kap Verde
60%

Tulosjakauma

Persentiili vastausten määrän mukaan

Jokaisen tuloksen saaneiden osuus

Tuloshistoriasi

Et ole pelannut tätä visaa